00365pab a2200121 454500008004000000100002100040245009100061260000900152300001000161362001400171650003000185773002800215180718b1983 xxu||||| |||| 00| 0 eng d aSingh, Lal Sahah aChanging role of cooperative banks in rural development and the role of the executives c1983 a43-50 aJan.-Mar. aCooperative Banks - India aCooperative Perspective